Catálogo
 En Linea

El secreto para prosperar en el negocio de colmado / (Registro nro. 28597)

Detalles MARC
000 -CABECERA
campo de control de longitud fija 00660nam a2200205 a 4500
001 - NÚMERO DE CONTROL
campo de control 000029105
005 - FECHA Y HORA DE LA ÚLTIMA TRANSACCIÓN
campo de control 20260205101807.0
008 - DATOS DE LONGITUD FIJA--INFORMACIÓN GENERAL
campo de control de longitud fija 110413s2010 dr ac 001 0 spa d
040 ## - FUENTE DE LA CATALOGACIÓN
Centro catalogador/agencia de origen DO-SdBNP
Lengua de catalogación spa
Centro/agencia transcriptor BNPHU
082 ## - NÚMERO DE LA CLASIFICACIÓN DECIMAL DEWEY
Número de clasificación 658.8
Número de documento/Ítem D542s
100 1# - ENTRADA PRINCIPAL--NOMBRE DE PERSONA
Nombre de persona Díaz, Leoni
9 (RLIN) 56010
245 13 - MENCIÓN DE TÍTULO
Título El secreto para prosperar en el negocio de colmado /
Mención de responsabilidad, etc. Leoni Díaz.
260 ## - PUBLICACIÓN, DISTRIBUCIÓN, ETC.
Lugar de publicación, distribución, etc. Santo Domingo :
Nombre del editor, distribuidor, etc. Ureña,
Fecha de publicación, distribución, etc. 2010.
300 ## - DESCRIPCIÓN FÍSICA
Extensión 72 p. :
Otras características físicas il., retrs.
590 ## - NOTA LOCAL (RLIN)
Nota local Inventariado, 2018/ YL
650 #0 - PUNTO DE ACCESO ADICIONAL DE MATERIA--TÉRMINO DE MATERIA
Término de materia o nombre geográfico como elemento de entrada Negocios
9 (RLIN) 27821
650 #4 - PUNTO DE ACCESO ADICIONAL DE MATERIA--TÉRMINO DE MATERIA
Término de materia o nombre geográfico como elemento de entrada Almacenes generales de depósito
9 (RLIN) 56011
651 #4 - PUNTO DE ACCESO ADICIONAL DE MATERIA--NOMBRE GEOGRÁFICO
Nombre geográfico República Dominicana
Subdivisión general Comercio
9 (RLIN) 56012
910 ## - DATOS DE OPCIÓN DEL USUARIO (OCLC)
Datos de opción del usuario Validado. Control de calidad EMS
Existencias
Estado de retiro Estado de pérdida Restricciones de uso No para préstamo Código de colección Localización permanente Ubicación/localización actual Ubicación en estantería Fecha de adquisición Número de inventario Total de préstamos Signatura topográfica completa Código de barras Fecha visto por última vez Número de copia Precio válido a partir de Tipo de ítem Koha Nota pública
        Dominicana de Servicio General General Depósito 13.04.2011 LF1   658.8 D542s 29105-30 25.06.2020 e.3 25.06.2020 Libro y Folleto Colección Dominicana de Servicio Dedicado por el autor.
      Excluido de préstamo Patrimonio Dominicano Patrimonio Dominicano Patrimonio Dominicano Depósito 13.04.2011 LF1   658.8 D542s 29105-10 25.06.2020   25.06.2020 Libro y Folleto Colección Patrimonio Dominicano Dedicado por el autor.
      Excluido de préstamo Patrimonio Dominicano Patrimonio Dominicano Patrimonio Dominicano Depósito 13.04.2011 LF1   658.8 D542s 29105-20 25.06.2020 e.2 25.06.2020 Libro y Folleto Colección Patrimonio Dominicano Dedicado por el autor.

Con tecnología Koha